| 000 | 01202cam a2200337 i 4500 | ||
|---|---|---|---|
| 001 | 016038958 | ||
| 003 | EG-ScBUE | ||
| 005 | 20230622102842.0 | ||
| 008 | 120223s2013 enkb f b 001 0 eng d | ||
| 020 | _a9780571288014 (pbk.) | ||
| 020 | _a0571288014 (pbk.) | ||
| 040 |
_aStDuBDS _beng _erda _cStDuBDS _dUk _dEG-ScBUE |
||
| 043 | _ama----- | ||
| 082 | 0 | 4 |
_a909.04927 _222 _bHOU |
| 100 | 1 |
_aHourani, Albert, _d1915-1993, _eauthor. _935918 |
|
| 245 | 1 | 2 |
_aA history of the Arab peoples / _cAlbert Hourani ; with a new introduction and afterword by Malise Ruthven. |
| 250 | _aPaperback edition. | ||
| 264 | 1 |
_aLondon : _bFaber and Faber Limited, _c2013. |
|
| 300 |
_axxvii, 598 pages : _bmaps ; _c20 cm |
||
| 336 |
_2rdacontent _atext _btxt |
||
| 337 |
_2rdamedia _aunmediated _bn |
||
| 338 |
_2rdacarrier _avolume _bnc |
||
| 504 | _aIncludes bibliographical references and index. | ||
| 650 | 7 |
_aArabs _xHistory. _2BUEsh _935919 |
|
| 650 | 7 |
_aArabs _xCivilization. _2BUEsh _935920 |
|
| 651 | 7 |
_aArab countries _xHistory. _2BUEsh _935921 |
|
| 653 |
_bBUSBOL _cApril2014 |
||
| 655 | _vReading book | ||
| 700 | 1 |
_935922 _aRuthven, Malise, _eauthor of introduction, etc. |
|
| 942 |
_2ddc _k909.04927 HOU _cBB |
||
| 999 |
_c18224 _d18196 |
||